| 000 | 00568nam a2200193Ia 4500 | ||
|---|---|---|---|
| 003 | GCL | ||
| 008 | 140319s9999 xx 000 0 ara d | ||
| 040 |
_aGCL / _cGCL |
||
| 082 | 0 | 4 |
_a843.01 _bا ا |
| 100 | 1 | _aايكو، امبرتو | |
| 245 | 1 | 0 |
_aاسم الوردة / _cايكو، امبرتو |
| 700 | 1 | _aكامل عويد العامرى | |
| 300 | _a766 ص | ||
| 490 |
_aكتاب _v0 |
||
| 650 | 0 | 4 | _aالقصص الفرنسية |
| 650 | 0 | 4 | _aالادب الفرنسى المترجم |
| 650 | 0 | 4 | _aالادب العالمى المترجم |
| 942 |
_2ddc _cBK |
||
| 999 |
_c42977 _d42977 |
||